Applications in Human Resource Management
Salvato in:
| Autore principale: | |
|---|---|
| Altri autori: | , |
| Natura: | Libro |
| Lingua: | inglese |
| Pubblicazione: |
Cincinnati
South-Western College Publ.
1996
|
| Edizione: | 3. ed. |
| Serie: | Cases, Exercises, and Skill Builders
|
| Soggetti: | |
| Tags: |
Nessun Tag, puoi essere il primo ad aggiungerne!!
|
MARC
| LEADER | 00000nam a2200000 4500 | ||
|---|---|---|---|
| 001 | c020225 | ||
| 005 | 20221205124938.1 | ||
| 020 | |a 0-538-85337-9 | ||
| 041 | 0 | |a eng | |
| 044 | |a US | ||
| 245 | 1 | 0 | |a Applications in Human Resource Management |c Stella M. Nkomo, Myron D. Fottler, R. Bruce MacAfee |
| 250 | |a 3. ed. | ||
| 264 | 1 | |a Cincinnati |b South-Western College Publ. |c 1996 | |
| 300 | |a 270 s. | ||
| 490 | 1 | |a Cases, Exercises, and Skill Builders | |
| 830 | 0 | |a Cases, Exercises, and Skill Builders | |
| 610 | 2 | 0 | |a manažment personálny |
| 610 | 2 | 0 | |a zdroje ľudské |
| 610 | 2 | 0 | |a riadenie |
| 610 | 2 | 0 | |a štúdie prípadové |
| 610 | 2 | 0 | |a hodnotenie pracovníkov |
| 100 | 1 | |a Nkomo, Stella M. | |
| 700 | 1 | |a Fottler, Myron D. | |
| 700 | 1 | |a MacAfee, R. Bruce | |